| 000 | 01616aaa a2200289 a 4500 | ||
|---|---|---|---|
| 003 | BLK | ||
| 005 | 20240321113014.0 | ||
| 007 | ta | ||
| 008 | 221104b bu |||||r|||| 00| | bu d | ||
| 040 | _aBLK | ||
| 041 |
_aBUL _cBUL |
||
| 080 |
_aБългарска литература(изследвания) _b821.163.2.09 _x(092) _z821.163.2.09(092) |
||
| 080 |
_aБълг. общественик, писател, редактор _b929 Добрев, Димитър _z929 Добрев, Димитър |
||
| 100 |
_9373479 _aВелков, Пелин |
||
| 245 |
_aУпоритост и трудолюбие _cПелин Велков. |
||
| 300 | _a№ 5, 31 януари 1974, с. 6 | ||
| 520 | _aСъдържа и поздравителна телеграма от СБП до Д. Добрев по случай 70 год. от рождението му | ||
| 600 | 0 |
_aДобрев, Димитър _gПоет, писател, преводач от руски език. Основател и издател на вестник "Светлоструй" _d1904-1985 _qДимитров, Димитър Добрев _9364701 |
|
| 653 |
_9182706 _aбългарски писатели |
||
| 653 |
_9195381 _aредактори |
||
| 653 |
_9193794 _aписма |
||
| 653 |
_9400947 _aюбилеи и чествания |
||
| 773 | 0 |
_tЛИТЕРАТУРЕН ФРОНТ _dЛит. форум 1944 _w292197 _x0861-2153 _aСдружение на бълг. писатели _i. // |
|
| 856 |
_i0.00 _ldisable |
||
| 942 |
_2udc _cSTA _n0 |
||
| 944 |
_cСевдалина Тодорова _k30560 _lГеновева Генчева _a30540 |
||
| 999 |
_c506650 _d506650 |
||